El negociado Dreyfus ante la legislatura peruana de 1870 (Registro nro. 21950)

Detalles MARC
000 -Cabecera
Campo de control interno 00782nam a2200253Ia 4500
005 - Fecha y hora del registro
control field 20260320113328.0
008 - Elementos de Longitud Fija
fixed length control field 260320s9999||||xx |||||||||||||| ||und||
041 ## - Idioma
Codigo Idioma ESP
082 ## - DEWEY y NOTACIÓN INTERNA
Dewey 985.06
Notación Interna N36
100 ## - AUTOR
Autor denominación [AUT no identificado]
Término de relación
245 #0 - TÍTULO DE MATERIAL BIBLIOGRÁFICO
Título El negociado Dreyfus ante la legislatura peruana de 1870
Título paralelo
246 ## - TÍTULO TRADUCIDO
Título
Título paralelo
Autor
260 ## - CIUDAD, EDITORIAL, AÑO
Ciudad Havre :
Nombre de la Editorial Imprenta A. Lemale,
Año 1870
300 ## - DESCRIPCIÓN
N° Páginas lv, 162 páginas :
Otros detalles
Dimensiones 24 cm.
Material Adicional
440 ## - MENCIÓN DE SERIE
Título de la Serie
Número de Serie
Volumen de Serie
500 ## - NOTA GENERAL
Nota General Edición dedicada a los representantes de la nación; Tapa dura
650 ## - TEMAS
Temas Historia
653 ## - DESCRIPTORES
Lenguajes no controlado Historia del Perú; Guerra con Chile - Perú; Contrato Dreyfus - Documentos; Guano - Perú -Historia - Siglo XIX
654 ## - PROGRAMAS
Programa Dpto. de Humanidades
700 ## - OTROS AUTORES
Otros autores
Títulos y otras palabras asociadas con el nombre
856 ## - URL - UBICACIÓN
URI/URL: Enlace exacto del recurso <a href=""></a>
Nota pública: Versión digital <a href=""></a>
942 ## - ELEMENTOS DE KOHA
Tipo de documento Libro
Nombre del creador Justo Noguera
Código de catalogador Tania Ramirez
Esquema de clasificación Dewey Decimal Classification
Suppress in OPAC
Existencias
Codigo completo Registro Colección Copia número Disponibilidad Tipo de préstamo Biblioteca Actual Procedencia (Biblioteca) Ubicacón Fecha Ingreso Tipo de Adquisición Date last seen Total checkouts Price effective from Tipo de Item Estado del Material Fuente de Clasificación Damaged status Withdrawn status
985.06 N36 1085015 Universidad Católica San Pablo 1 Disponible Disponible Víctor Andrés Belaunde Víctor Andrés Belaunde Fondo Antiguo 10/03/2026 Donación 20/03/2026   20/03/2026 Libro Bueno Dewey Decimal Classification